|
|
|
|
| LEADER |
01260nam a22003017a 4500 |
| 001 |
40060 |
| 003 |
BD-DhAAL |
| 005 |
20221114161247.0 |
| 008 |
221114t2002 waua|||| b||| 00| 0 eng d |
| 999 |
|
|
|c 45050
|d 45050
|
| 020 |
|
|
|a 0821348396
|
| 040 |
|
|
|a BD-DhAAL
|
| 082 |
|
|
|a 332.1
|
| 100 |
|
|
|a Carmichael, Jeffrey.
|9 52348
|
| 245 |
|
|
|a The development and regulation of non-bank financial institutions /
|c Jeffey Carmichael and Michael Pomerleano.
|
| 260 |
|
|
|a Washington, D.C. :
|b World Bank,
|c c2002.
|
| 300 |
|
|
|a xv, 230 pages :
|b illustrations ;
|c 24 cm.
|
| 504 |
|
|
|a Includes bibliographical references (p. 225-230).
|
| 541 |
|
|
|a Donated By Akbar Ali Khan
|e 40060
|
| 650 |
|
|
|a Financial institutions
|z Developing countries.
|9 52349
|
| 650 |
|
|
|a Insurance companies
|z Devloping countries.
|9 52350
|
| 650 |
|
|
|a Securities.
|z Developing countries
|9 52351
|
| 650 |
|
|
|a Economics.
|9 52352
|
| 700 |
|
|
|a Pomerleano, Michael.
|9 52353
|
| 710 |
|
|
|a World Bank.
|9 52354
|
| 852 |
|
|
|a Ayesha Abed Library
|c Akbar Ali Khan Collection
|
| 942 |
|
|
|2 ddc
|c BK
|
| 952 |
|
|
|0 0
|1 0
|2 ddc
|4 0
|6 332_100000000000000_CAR
|7 1
|9 72342
|a BRACUL
|b BRACUL
|c AAKC
|d 2022-11-14
|e Donated by Akbar Ali Khan
|g 6.00
|l 0
|o 332.1 CAR
|p 3010040060
|r 2022-11-14
|t 1
|w 2022-11-14
|y BK
|x ₹5,517 (Sources amazon.in)
|